Problemas y perspectivas de la comunidad europea

Shranjeno v:
Bibliografske podrobnosti
Main Authors: Pedini, Mario (Author), Branchi, Achille (Author)
Format: Knjiga
Jezik:španščina
Izdano: Pamplona EUNSA 1981
Serija:Temas NT, 52
Teme:
Oznake: Označite
Brez oznak, prvi označite!

MARC

LEADER 00000nam a2200000 a 4500
001 UCT7705
003 CL-VaPUC
008 970317e19810000SP |||||||||||||||||spa|d
082 0 4 |a 382.914  |b PED  |2 21 
100 0 |a Pedini, Mario  |e author  |9 378731 
700 0 |a Branchi, Achille  |e author  |9 378732 
245 1 0 |a Problemas y perspectivas de la comunidad europea 
300 |a 421 p 
942 |c BK 
945 |d 19970317 00:00:00  |a nastorga 
260 |a Pamplona  |b EUNSA  |c 1981 
600 0 7 |a COMUNIDAD EUROPEA  |2 CL-VaPUC  |9 378733 
650 0 |a Desarrollo económico y social   |9 256320 
650 0 |a Política económica   |9 255029 
650 0 |a Política monetaria  |9 258279 
650 0 |a Integración económica  |9 255024 
583 |a last modification  |c 19970317 00:00:00  |k Rodrigo Vera 
490 0 |a Temas NT, 52 
999 |c 256253  |d 256251 
952 |0 0  |1 0  |4 0  |6 382_914000000000000_PED_1981  |7 0  |8 A  |9 278908  |a BIBDER  |b BIBDER  |d 2019-11-19  |i 1810057  |o 382.914 PED 1981  |p 1810057  |r 2023-01-25  |w 2019-11-19  |y BK  |k DER